S údělem prosebníka
| Titel: | S údělem prosebníka : restituční úsilí šlechty českého severovýchodu potrestané pobělohorskými konfiskacemi / Ondřej Tikovský |
|---|---|
| Verfasser: | |
| Ausgabe: | 1. vyd. |
| Veröffentlicht: | České Budějovice : Veduta [u.a.], 2013 |
| Umfang: | 341, VIII S. : Ill., Kt. |
| Format: | Buch |
| Sprache: | Tschechisch |
| RVK-Notation: | |
| ISBN: | 9788086829838 |
| Hinweise zum Inhalt: |
Inhaltsverzeichnis
|
alg: 33146035
001A $03004:18-09-13
001B $06055:06-03-26 $t20:03:49.000
001C $03004:11-11-13 $t19:37:39.000
001D $03004:11-11-13
001U $0utf8
001X $00
002@ $0Aau
003@ $0331460351
004A $A978-80-86829-83-8
007A $0331460351 $aHEB
007G $0DE0202FD02EFCB2E5F0D8C1257C28003F2388
009P $qapplication/pdf $A2 $3Inhaltsverzeichnis $uhttp://scans.hebis.de/HEBCGI/show.pl?33146035_toc.pdf $mV:DE-603;B:DE-Mb50
010@ $acze
011@ $a2013
013H $0z
021A $aS údělem prosebníka $drestituční úsilí šlechty českého severovýchodu potrestané pobělohorskými konfiskacemi $hOndřej Tikovský
028A $71043507779 $8Tikovský, Ondřej [Tp3] $9332997901
032@ $a1. vyd.
033A $pČeské Budějovice $nVeduta {[u.a.]
034D $a341, VIII S.
034M $aIll., Kt.
044K $ROberschicht $RWeiblicher Adel $RAristokratie $#Nobility $#Noblesse $#Nobiltà $#Nobleza $#Adel $#Adel $#Junker $#Junkertum $#Adliger $#Adeliger $#Adlige $#Uradel $D20251120 $Ecgmnf $74000464-8 $8Adel [Ts1] $9084991682
044K $#Property $#Right of property $#Propriété $#Propiedad $#ownership $#Eigentum $#Eigentum $#Eigentum/Besitz $#Eigentumsrechte $#Eigentumsverhältnisse $#Eigentumsrecht $D20251120 $Ecgmnf $74013793-4 $8Eigentum [Ts1] $9085030554
044K $RRückforderung $RRückgabe $#Restitution Rückerstattung $#Rückgewährquote $#Rückübertragung $#Rückübereignung $D20251120 $Ecgmnf $74178639-7 $8Rückerstattung [Ts1] $9085847224
044K $RBöhmen $#Nordostböhmen $D20251120 $Ecgmnf $74225533-8 $8Böhmen$zNordost [Tg1] $9086172492
045F $a306.094371 $eDDC23BSB
045F/01 $a306.09
045F/03 $g4371
045G $a900.9437109032 $eDDC23BSB
045G/01 $a900
045G/03 $f09032
045G/03 $g4371
045H $a351.4371 $eDDC23BSB
045H/01 $a351
045H/03 $g4371
045Z $D20251120 $Ecgmnf $8NN 3870 [Tkv] $9410898244
lok: 33146035 24
101B $011-11-13 $t19:37:39.000
101C $011-11-13
101U $0utf8
145Z/01 $a23 13 L
145Z/02 $a23 7 G
145Z/03 $a23 12 K
exp: 33146035 24 1 #EPN
201B/01 $011-11-13 $t19:37:39.000
201C/01 $018-09-13
201U/01 $0utf8
203@/01 $0717374459
208@/01 $a11-11-13 $bz
209A/01 $a13.07576 $du $f050 $h13 07576 $x00
209C/01 $a13.07576 K $h13 07576 K
209G/01 $a73042542 $x00
220C/01 $akon
247C/01 $8358050-7 Marburg, Bibliothek des Herder-Instituts Marburg $9102600961
| LEADER | 00000cam a2200000 c 4500 | ||
|---|---|---|---|
| 001 | 331460351 | ||
| 003 | DE-603 | ||
| 005 | 20260306200349.0 | ||
| 007 | tu | ||
| 008 | 130918s2013 xx |||| | u00||u|cze c | ||
| 020 | |a 9788086829838 | ||
| 035 | |a (DE-599)HEB331460351 | ||
| 040 | |a DE-603 |b ger |c DE-603 |d DE-603 | ||
| 041 | |a cze | ||
| 082 | 0 | 4 | |8 1\u |a 306.094371 |q DE-101 |2 23/BSB |
| 083 | 0 | |8 2\u |a 900.9437109032 |q DE-101 |2 23/BSB | |
| 083 | 0 | |8 3\u |a 351.4371 |q DE-101 |2 23/BSB | |
| 084 | |a NN 3870 |0 (DE-625)126855: |0 (DE-603)410898244 |2 rvk | ||
| 085 | |8 1\u |b 306.09 | ||
| 085 | |8 1\u |z 2 |s 4371 | ||
| 085 | |8 2\u |b 900 | ||
| 085 | |8 2\u |z 1 |s 09032 | ||
| 085 | |8 2\u |z 2 |s 4371 | ||
| 085 | |8 3\u |b 351 | ||
| 085 | |8 3\u |z 2 |s 4371 | ||
| 100 | 1 | |a Tikovský, Ondřej |0 (DE-603)332997901 |0 (DE-588)1043507779 |2 gnd | |
| 245 | 0 | 0 | |a S údělem prosebníka |b restituční úsilí šlechty českého severovýchodu potrestané pobělohorskými konfiskacemi |c Ondřej Tikovský |
| 250 | |a 1. vyd. | ||
| 264 | 1 | |a České Budějovice |b Veduta [u.a.] |c 2013 | |
| 300 | |a 341, VIII S. |b Ill., Kt. | ||
| 650 | 7 | |a Adel |0 (DE-588)4000464-8 |0 (DE-603)084991682 |2 gnd | |
| 650 | 7 | |a Eigentum |0 (DE-588)4013793-4 |0 (DE-603)085030554 |2 gnd | |
| 650 | 7 | |a Rückerstattung |0 (DE-588)4178639-7 |0 (DE-603)085847224 |2 gnd | |
| 651 | 7 | |a Böhmen |0 (DE-588)4225533-8 |0 (DE-603)086172492 |2 gnd | |
| 856 | 4 | 2 | |m V:DE-603;B:DE-Mb50 |q application/pdf |u http://scans.hebis.de/HEBCGI/show.pl?33146035_toc.pdf |3 Inhaltsverzeichnis |
| 924 | 0 | |9 Mb 50 |a (DE-603)717374459 |b DE-Mb50 |c HES |d c |g 13.07576 | |


